000 01311nam a2200361 a 4500
001 000111973
003 CHAP
005 20220329144239.0
008 151112s2015 mx a fsm |||||||spa d
010 _a108434
011 _a109406
040 _cCHAP
090 _aTesis
100 1 _aLópez Velasco, Verónica
_9130008
245 1 0 _aMejoradores y foliares para fortalercer el crecimiento de tomate al final del ciclo productivo
_h[En línea]
_cpor Verónica López Velasco.
260 _aChapingo, Méx. :
_bEl autor,
_c2015.
500 _aPara ver el contenido del material haga clic en la liga
502 _aTesis (Ing. Agr. Esp. en Fitotecnia) -- UACH. Departamento de Fitotecnia
590 _aE11695DGD
_b10
_c20151114
_lUCH01
_h1136
590 _aE11695DGD
_b10
_c20151114
_lUCH01
_h1136
590 _aE5995AHE
_b05
_c20151112
_lUCH01
_h0804
590 _aE5995AHE
_b05
_c20151112
_lUCH01
_h0804
590 _aE5995AHE
_b05
_c20151113
_lUCH01
_h0740
650 1 4 _aCiclo biológico.
_923050
650 1 4 _aCultivos en invernadero.
_930376
650 1 4 _aPlantas
_xCrecimiento.
_988803
650 1 4 _aTomate
_xCrecimiento.
_9113702
650 1 4 _aTomate
_xRendimiento.
_9113761
856 _aFinding aid
_uhttp://10.13.5.2/tesis/sist111973.pdf
_zTeclea aquí
901 _aBK
942 _cTESIS
942 _n0
999 _c108434
_d108434